| 000 | 01004nam a2200229Ia 4500 | ||
|---|---|---|---|
| 003 | Ost | ||
| 005 | 20260507075013.0 | ||
| 008 | 260507s9999||||xx |||||||||||||| ||und|| | ||
| 020 | _a064212977X | ||
| 040 | _cfsecg | ||
| 041 | _aara | ||
| 082 | _a658.048 | ||
| 100 |
_aالمعري، أحمد محمد _eمؤلف |
||
| 245 | 0 |
_aإدارة المستشفيات / _c أحمد محمد المعري |
|
| 260 |
_aالإسكندرية: _bمؤسسة شباب الجامعة, _c1998 |
||
| 300 |
_a101 صفحة؛ _c24 سم |
||
| 490 | _aإدارة المنشآة الخاصة | ||
| 520 | _aالقواعد العامة للإدارة-إدارة المستشفيات الخاصة-التنظيم الداخلي للمستشفيات الخاصة-العاملون بالمستشفى وتدريبهم-الإتجاه الحديث من إدارة المستشفيات-أهم مشاكل إدارة المستشفى الخاص | ||
| 653 | _aالإدارة | ||
| 653 | _aالمستشفيات | ||
| 942 | _cكتاب | ||
| 999 |
_c42177 _d42177 |
||